| 000 | 00454nam a22001577a 4500 | ||
|---|---|---|---|
| 005 | 20251108165257.0 | ||
| 008 | 250721s1996 xx 000 0 ara d | ||
| 082 | 1 | 4 | _a956.94/مسي |
| 100 | 1 | _aالمسيري، عبد الوهاب محمد | |
| 245 | 1 | 0 | _aأسرار العقل الصهيوني / |
| 264 | 1 |
_aالقاهرة : _bدار الحسام، _c1996. |
|
| 300 | _a194ص. | ||
| 650 | 1 | 7 | _aالصهيونية |
| 942 |
_2ddc _cBK |
||
| 999 |
_c23930 _d23930 |
||